| 000 | 00875nam a2200253 i 4500 | ||
|---|---|---|---|
| 001 | bg | ||
| 100 | 1 | _aKUROWSKI, Tadeusz | |
| 245 | 1 | 0 |
_aWybrane zagadnienia teorii układów liniowych i nieliniowych = _bSelected issues in the theory of linear and non-linear systems / _cTadeusz Kurowski, Siergiej Taranow ; Uniwerstet Zielonogórski. |
| 260 |
_aZielona Góra : _bOficyna Wydawnicza UZ, _c2004. |
||
| 300 |
_a259 s. : _brys., wykr. ; _c24 cm. |
||
| 500 | _aTekst równol. pol. i ang. - Słownik ang.-pol. | ||
| 504 | _aBibliogr. | ||
| 650 | 9 |
_aSterowanie _xteoria |
|
| 650 | 9 |
_aAutomatyka _xteoria |
|
| 655 | _aPodręczniki akademickie | ||
| 700 | 1 | _aTARANOW, Siergiej | |
| 020 | _a8389321939 | ||
| 040 | _cBPK | ||
| 041 | w | _apoleng | |
| 080 | _a519.7:62-52:681.5](075.8) | ||
| 920 | _a83-89321-93-9 | ||
| 942 | _cKS | ||
| 008 | s pl f |000 0 pol | ||
| 999 |
_c46435 _d46435 |
||
| 856 |
_uhttp://koha.tu.koszalin.pl/cgi-bin/koha/opac-detail.pl?biblionumber=46435 _yKatalog online BPK |
||